LEADER 05393nam 2200661Ia 450 001 9910457080503321 005 20200520144314.0 010 $a1-280-74744-7 010 $a9786610747443 010 $a0-08-046818-7 035 $a(CKB)1000000000349956 035 $a(EBL)284021 035 $a(OCoLC)271841910 035 $a(SSID)ssj0000074081 035 $a(PQKBManifestationID)11110666 035 $a(PQKBTitleCode)TC0000074081 035 $a(PQKBWorkID)10118594 035 $a(PQKB)11447366 035 $a(MiAaPQ)EBC284021 035 $a(CaSebORM)9780750677684 035 $a(Au-PeEL)EBL284021 035 $a(CaPaEBR)ebr10158356 035 $a(CaONFJC)MIL74744 035 $a(EXLCZ)991000000000349956 100 $a20050802d2005 uy 0 101 0 $aeng 135 $aur|n|---||||| 181 $ctxt 182 $cc 183 $acr 200 10$aCCTV surveillance$b[electronic resource] $evideo practices and technology /$fHerman Kruegle 205 $a2nd ed. 210 $aBoston $cElsevier Butterworth Heinemann$d2005 215 $a1 online resource (673 p.) 300 $aDescription based upon print version of record. 311 $a0-7506-7768-6 320 $aIncludes bibliographical references (p. 639-641) and index. 327 $aCover; Copyright Page; Table of Contents; Foreword; Preface; Acknowledgments; Part I; Chapter 1 Video's Critical Role in the Security Plan; 1.1 Protection of Assets; 1.1.1 Overview; 1.1.2 Background; 1.2 The Role of Video in Asset Protection; 1.2.1 Video as Part of the Emergency and Disaster Plan; 1.2.1.1 Protecting Life and Minimizing Injury; 1.2.1.2 Reducing Exposure of Physical Assets and Optimizing Loss Control; 1.2.1.3 Restoring Normal Operations Quickly; 1.2.1.4 Documenting an Emergency; 1.2.1.5 Emergency Shutdown and Restoration; 1.2.1.6 Testing the Plan 327 $a1.2.1.7 Standby Power and Communications1.2.2 Security Investigations; 1.2.3 Safety; 1.2.4 The Role of the Guard; 1.2.5 Employee Training and Education; 1.3 Synergy through Integration; 1.3.1 Integrated Functions; 1.3.2 System Hardware; 1.4 Video's Role and Its Applications; 1.4.1 Video System Solutions; 1.4.2 Overt vs. Covert Video; 1.4.3 Security Surveillance Applications; 1.4.4 Safety Applications; 1.4.5 Video Access Control; 1.5 The Bottom Line; Chapter 2 Video Technology Overview; 2.1 Overview; 2.2 The Video System; 2.2.1 The Role of Light and Reflection; 2.2.2 The Lens Function 327 $a2.2.3 The Camera Function2.2.4 The Transmission Function; 2.2.5 The Monitor Function; 2.2.6 The Recording Function; 2.3 Scene Illumination; 2.3.1 Natural Light; 2.3.2 Artificial Light; 2.4 Scene Characteristics; 2.4.1 Target Size; 2.4.2 Reflectivity; 2.4.3 Effects of Motion; 2.4.4 Scene Temperature; 2.5 Lenses; 2.5.1 Fixed-Focal-Length Lens; 2.5.2 Zoom Lens; 2.5.3 Vari-Focal Lens; 2.5.4 Panoramic-360degree Lens; 2.5.5 Covert Pinhole Lens; 2.5.6 Special Lenses; 2.6 Cameras; 2.6.1 The Scanning Process; 2.6.1.1 Raster Scanning; 2.6.1.2 Digital and Progressive Scan; 2.6.2 Solid-State Cameras 327 $a2.6.2.1 Analog2.6.2.2 Digital; 2.6.2.3 Internet; 2.6.3 Low-Light-Level Intensified Camera; 2.6.4 Thermal Imaging Camera; 2.6.5 Panoramic 360degree Camera; 2.7 Transmission; 2.7.1 Hard-Wired; 2.7.1.1 Coaxial Cable; 2.7.1.2 Unshielded Twisted Pair; 2.7.1.3 LAN, WAN, Intranet and Internet; 2.7.2 Wireless; 2.7.3 Fiber Optics; 2.8 Switchers; 2.8.1 Standard; 2.8.2 Microprocessor-Controlled; 2.9 Quads and Multiplexers; 2.10 Monitors; 2.10.1 Monochrome; 2.10.2 Color; 2.10.3 CRT, LCD, Plasma Displays; 2.10.4 Audio/Video; 2.11 Recorders; 2.11.1 Video Cassette Recorder (VCR) 327 $a2.11.2 Digital Video Recorder (DVR)2.11.3 Optical Disk; 2.12 Hard-copy Video Printers; 2.13 Ancillary Equipment; 2.13.1 Camera Housings; 2.13.1.1 Standard-rectangular; 2.13.1.2 Dome; 2.13.1.3 Specialty; 2.13.1.4 Plug and Play; 2.13.2 Pan/Tilt Mounts; 2.13.3 Video Motion Detector (VMD); 2.13.4 Screen Splitter; 2.13.5 Camera Video Annotation; 2.13.5.1 Camera ID; 2.13.5.2 Time and Date; 2.13.6 Image Reversal; 2.14 Summary; Part II; Chapter 3 Natural and Artificial Lighting; 3.1 Overview; 3.2 Video Lighting Characteristics; 3.2.1 Scene Illumination; 3.2.1.1 Daytime/Nighttime 327 $a3.2.1.2 Indoor/Outdoor 330 $aThis revision of the classic book on CCTV technology, CCTV Surveillance, provides a comprehensive examination of CCTV, covering the applications of various systems, how to design and install a system, and how to choose the right hardware. Taking into account the ever-changing advances in technology using digital techniques and the Internet, CCTV Surveillance, Second Edition, is completely updated with the recent advancements in digital cameras and digital recorders, remote monitoring via the Internet, and CCTV integration with other security systems. Continuing in th 606 $aClosed-circuit television$xDesign and construction 606 $aTelevision in security systems 608 $aElectronic books. 615 0$aClosed-circuit television$xDesign and construction. 615 0$aTelevision in security systems. 676 $a621.389/28 700 $aKruegle$b Herman$0972027 801 0$bMiAaPQ 801 1$bMiAaPQ 801 2$bMiAaPQ 906 $aBOOK 912 $a9910457080503321 996 $aCCTV surveillance$92210080 997 $aUNINA LEADER 02750nas 2200793- 450 001 996404444903316 005 20230222213018.0 011 $a2303-8888 035 $a(DE-599)ZDB2523649-0 035 $a(OCoLC)605177413 035 $a(CKB)1000000000305893 035 $a(CONSER)--2021244733 035 $a(EXLCZ)991000000000305893 100 $a20100407a19969999 --- - 101 0 $abos 135 $aurbn||||||abp 135 $aurbn||||||ada 181 $ctxt$2rdacontent 182 $cc$2rdamedia 183 $acr$2rdacarrier 200 00$aBosniaca /$f?asopis Nacionalne i univerzitetske biblioteke Bosne i Hercegovine 210 1$aSarajevo :$cNacionalna i univerzitetska biblioteka Bosne i Hercegovine,$d[1996]- 215 $a1 online resource (volumes) 300 $aRefereed/Peer-reviewed 300 $aSome issues have also a distinctive title. 300 $aFirst issue also called: Tematski broj. 300 $aOccasional issues include papers from various meetings. 311 $a1512-5033 517 1 $aJournal of the National and University Library of Bosnia and Hercogovina 531 0 $aBosniaca 606 $aLibraries$zBosnia and Herzegovina$vPeriodicals 606 $aLibraries$zBosnia and Herzegovina$vCongresses 606 $aBibliothèques$zBosnie-Herzégovine$vPériodiques 606 $aBibliothèques$zBosnie-Herzégovine$vCongrès 606 $aAnnuaires$2eclas 606 $aBibliothèques nationales$2eclas 606 $aBibliography$2fast$3(OCoLC)fst00831351 606 $aLibraries$2fast$3(OCoLC)fst00997341 606 $aBuch$2gnd 606 $aBibliothek$2swd 607 $aBosnia and Herzegovina$xBibliography$vPeriodicals 607 $aBosnia and Herzegovina$xBibliography$vCongresses 607 $aBosnie-Herzégovine$2eclas 607 $aBosnia and Herzegovina$2fast 608 $aCongress 608 $aserials (publications)$2aat 608 $aBibliographies.$2fast 608 $aConference papers and proceedings.$2fast 608 $aPeriodicals.$2fast 608 $aSerial publications.$2fast 608 $aSerial publications.$2lcgft 608 $aConference papers and proceedings.$2lcgft 608 $aPublications en série.$2rvmgf 608 $aActes de congrès.$2rvmgf 615 0$aLibraries 615 0$aLibraries 615 6$aBibliothèques 615 6$aBibliothèques 615 7$aAnnuaires. 615 7$aBibliothèques nationales. 615 7$aBibliography. 615 7$aLibraries. 615 7$aBuch 615 07$aBibliothek. 712 02$aNacionalna i univerzitetska biblioteka Bosne i Hercegovine, 906 $aJOURNAL 912 $a996404444903316 996 $aBosniaca$92426708 997 $aUNISA